| 000 | 00363 a2200109 4500 | ||
|---|---|---|---|
| 001 | ART_19303 | ||
| 005 | 20260410161704.0 | ||
| 008 | 260409a | ||
| 245 | 1 | 0 | _aRégimen flexibilizado para solicitar el certificado fiscal para contratar con el estado |
| 100 | 1 | _aSantacruz, Lidia M. | |
| 773 | 0 |
_tRevista Impuestos _g- Nº 9 (may. 2009) _wREV639 |
|
| 999 |
_c15505 _d15505 |
||